000
00343 a2200157 4500
001
57865
020
_a
040
_c
Anchieta - Pituba
100
_a
Gouveia, Luis Augusto
240
1
0
_a
Pra começo de conversa
_l
por
245
1
0
_a
Pra começo de conversa
300
_a
111
362
0
_a
1999
650
4
_a
Literatura juvenil
942
_c
BK
999
_c
57865
_d
57865